European Countries Not Occupied By Nazi - Statistics

General Stats
  • This quiz has been taken 76 times
    15 since last reset
  • The average score is 9 of 10
Answer Stats
Countries % Correct
Ireland
100%
Portugal
100%
Sweden
100%
United Kingdom
100%
Spain
92%
Switzerland
92%
Andorra
77%
Iceland
77%
Liechtenstein
69%
Vatican City
69%
No matching quizzes found
Score Distribution
Percent of People with Each Score
Percentile by Number Answered
Your Score History
You have not taken this quiz since the last reset